Aktuálne trendy v oblasti marketingu

Globálna svetová konkurencia a tlak na ceny, kvalitu produktov a služieb, dokonalejší technologický obsah, šetrenie času a zdrojov v reťazci. Marketing v pôvodnom slova zmysle už minulosťou. Klasický marketing verzus e-marketing. Charakteristika marketingového manažmentu. Marketingová stratégia. Int...

Full description

Saved in:
Bibliographic Details
Main Author: Cárachová, Magdaléna
Format: Book Chapter
Language:Slovak
Subjects:
Tags: Add Tag
No Tags, Be the first to tag this record!

MARC

LEADER 00000nla a2200000 4500
001 0227075
005 20240502083609.2
041 0 |a slo 
044 |a CZ 
245 1 0 |a Aktuálne trendy v oblasti marketingu  |c Magdaléna Cárachová 
520 |a Globálna svetová konkurencia a tlak na ceny, kvalitu produktov a služieb, dokonalejší technologický obsah, šetrenie času a zdrojov v reťazci. Marketing v pôvodnom slova zmysle už minulosťou. Klasický marketing verzus e-marketing. Charakteristika marketingového manažmentu. Marketingová stratégia. Internetová marketingová stratégia. Aktuálne marketingové trendy. 
610 2 0 |a marketing elektronický 
610 2 0 |a marketing manažment 
610 2 0 |a stratégia marketingová 
610 2 0 |a komunikácia marketingová 
610 2 0 |a stránky webové 
610 2 0 |a aplikácie mobilné 
610 2 0 |a reklama 
100 1 |a Cárachová, Magdaléna